[Event "Oslo Chess Festival 2018"]
[Site "Oslo"]
[Date "2018.10.03"]
[Round "5"]
[White "Vasyliv, Stanislav"]
[Black "Mikalsen, Erlend"]
[Result "0-1"]
[WhiteElo "2142"]
[BlackElo "2332"]
[Annotator "TA"]
[PlyCount "76"]
[EventDate "2018.09.30"]
[EventCountry "NOR"]
[SourceTitle "playchess.com"]
[Source "ChessBase"]
[SourceQuality "1"]

{[%evp 15,76,47,50,38,41,47,47,58,42,42,38,50,39,10,39,29,69,55,52,60,44,0,19,-70,68,56,58,61,93,72,79,0,0,-66,-74,-124,-99,-106,-11,-32,-28,-36,20,20,23,0,20,-284,-270,-288,-282,-257,-270,-857,-849,-996,-1024,-2077,-865,-1065,-1060,-1111,-958]} 1. d4 Nf6 2. Nf3 b6 3. e3 Bb7 4. Bd3 g6 5. O-O Bg7 6. c4 O-O 7. Nc3 d6 8. e4 Nbd7 {LiveBook: 11 Games} 9. Rb1 {E91: King's Indian: Classical: 6 Be2, unusual replies including 6...c5 and 6...Bg4} e6 10. b4 $146 ({Predecessor:} 10. Re1 a6 11. Bf1 c5 12. d5 exd5 13. exd5 b5 14. b3 b4 15. Na4 Nb6 16. Nxb6 Qxb6 {0-1 (46) Sanchez Enriquez,O (2401)-Naroditsky,D (2559) Montcada 2014}) 10... c5 11. bxc5 $1 {White is slightly better.} dxc5 12. d5 Nxd5 13. cxd5 {And now Bg5 would win.} Bxc3 14. dxe6 fxe6 (14... Ne5 $5 {[%cal Rd8d3]} 15. exf7+ Kg7 16. Nxe5 Bxe5 $11) 15. Qb3 Qf6 16. Bg5 Qg7 17. Qxe6+ Kh8 18. Bb5 Nf6 19. Rbd1 (19. e5 $11 Nd5 20. Bc6) 19... Qf7 ({Black should try} 19... Nxe4 $15 20. Be7 (20. Rd7 $2 Bc8 $17) 20... Qg8) 20. Qxf7 $14 Rxf7 21. Bc4 Rff8 22. Bh6 Rfe8 {[#]} 23. Rd3 (23. e5 $1 $16 {[%cal Re5f6]} Bxe5 24. Ng5 (24. Nxe5 Rxe5 25. Bd2 Re4 $14)) 23... Nxe4 $11 24. Rfd1 (24. Ng5 $1 $11 Nxg5 25. Rxc3) 24... Bf6 $15 25. Rd7 Bc6 26. Rc7 Ba4 (26... Rec8 $17 27. Rf7 b5) 27. Re1 Nd6 $1 $36 {[%mdl 2048] Black fights for an advantage.} 28. Be6 Nf5 (28... Bb5 $15) 29. Ng5 $1 $11 {[%csl Gg5][%cal Rc7h7]} Bg7 $1 30. Nf7+ Kg8 {Hoping for ...Rxe6!} 31. Nd6+ $2 {[%mdl 8192] [#]} (31. Bd2 $11 {and White is okay.}) 31... Rxe6 $1 $19 {[%mdl 512]} 32. Rxe6 Nxh6 33. Ree7 Bf8 34. Rxh7 $2 (34. Rxa7 Rd8 35. Re1 Bxd6 36. Rxa4) 34... Rd8 {Black is clearly winning.} 35. h4 Rxd6 36. Rxa7 Bc6 37. Kh2 Rd1 {( -> ...Bd6+)} 38. f4 Rd3 {Precision: White = 34%, Black = 55%.} 0-1

[Event "Oslo Chess Festival 2018"]
[Site "Oslo"]
[Date "2018.10.03"]
[Round "5"]
[White "Nilsen, Tobias Lang"]
[Black "Sriram, Jha"]
[Result "0-1"]
[WhiteElo "2137"]
[BlackElo "2394"]
[Annotator "TA"]
[PlyCount "48"]
[EventDate "2018.09.30"]
[EventCountry "NOR"]
[SourceTitle "playchess.com"]
[Source "ChessBase"]
[SourceQuality "1"]

{[%evp 17,48,-31,5,12,-1,-48,-20,-24,0,-4,10,13,36,29,29,33,37,35,46,-19,-4,-11,-17,-14,0,0,0,0,-10,-329,-331,-324,-320]} 1. e4 c5 2. Nf3 Nc6 3. d4 cxd4 4. Nxd4 Nf6 5. Nc3 d6 6. Be2 e5 7. Ndb5 a6 8. Na3 b5 9. Nd5 Nxd5 {LiveBook: 3 Games. B58: Classical Sicilian: 6 Be2} (9... Nxe4 {is interesting.} 10. O-O Be6 11. Be3 Rb8 12. Bf3 Nc5) 10. exd5 Nd4 11. Be3 Nf5 {Black is slightly better.} (11... Qa5+ {feels hotter.} 12. c3 Nxe2 13. Qxe2 Be7 14. O-O O-O) 12. Bd2 $146 ({Predecessor:} 12. O-O Nxe3 13. fxe3 Be7 14. c3 O-O 15. e4 f5 16. exf5 Bxf5 17. Nc2 Qb6+ 18. Kh1 {0-1 (58) Aaron,D (2321)-Belous,V (2567) Philadelphia 2017}) 12... Be7 13. c4 bxc4 14. Nxc4 O-O 15. Ba5 Qe8 16. O-O Nd4 17. Bd3 Bb7 18. Rc1 (18. Qh5 g6 $17) (18. Bc3 $14) 18... Qb5 19. Nxd6 (19. Qh5 g6 $17) 19... Qxa5 20. Nxb7 Qxd5 21. Rc7 {[#] Hoping for Bc4.} Bd8 22. Nxd8 ({Wrong is} 22. Qh5 $2 g6 $19) 22... Raxd8 23. Re1 $2 {[%mdl 8192]} (23. Qb1 $11 {and White is okay.}) 23... Ne6 $19 ({Much less strong is} 23... Nb5 24. Re7) 24. Rc3 Nf4 {Precision: White = 43%, Black = 42%.} ({And not} 24... Qxa2 25. Qc1 $11) 0-1

[Event "Oslo Chess Festival 2018"]
[Site "Oslo"]
[Date "2018.10.04"]
[Round "6"]
[White "Dziuba, Marcin"]
[Black "Movsziszian, Karen"]
[Result "1/2-1/2"]
[WhiteElo "2573"]
[BlackElo "2523"]
[Annotator "TA"]
[PlyCount "32"]
[EventDate "2018.09.30"]
[EventCountry "NOR"]
[SourceTitle "playchess.com"]
[Source "ChessBase"]
[SourceQuality "1"]

{[%evp 19,32,56,75,18,36,32,68,62,61,60,67,61,60,57,101]} 1. d4 d6 2. Nf3 g6 3. c4 f5 4. Nc3 Nf6 5. g3 Bg7 6. Bg2 O-O 7. O-O c6 8. b3 Qa5 9. Bb2 e5 10. Qd2 {A88: Dutch Defence: Leningrad System: 5 Nf3 0-0 6 0-0 d6 7 Nc3 c6} Na6 {LiveBook: 7 Games} (10... Qc7 11. d5 e4 12. Nd4 Qe7 13. dxc6 bxc6 14. Rad1 Rd8 15. Nc2 d5 16. f3 Rd7 17. cxd5 cxd5 18. Nb5 Nc6 {0-1 (37) Gelfand,B (2773)-Giri,A (2734) Beijing 2013}) 11. Rac1 ({White should play} 11. Rad1 $16) 11... Bd7 $146 ({Predecessor:} 11... Qc7 12. Rfd1 e4 13. Ne1 Qe7 14. Nc2 Nc7 15. f4 Be6 16. Ne3 Bf7 17. Na4 {½-½ (18) Malich,B-Paehtz,T Potsdam 1974}) 12. Rfd1 {White is slightly better.} Rae8 13. dxe5 dxe5 14. Na4 Qc7 15. Qd6 $1 {[%cal Rd6c7]} Qxd6 16. Rxd6 Bc8 1/2-1/2

[Event "Oslo Chess Festival 2018"]
[Site "Oslo"]
[Date "2018.10.04"]
[Round "6"]
[White "Basso, Pier Luigi"]
[Black "Vijayalakshmi, Subbaraman"]
[Result "1-0"]
[WhiteElo "2530"]
[BlackElo "2359"]
[Annotator "ChessBase"]
[PlyCount "109"]
[EventDate "2018.09.30"]
[EventCountry "NOR"]
[SourceTitle "playchess.com"]
[Source "ChessBase"]
[SourceQuality "1"]
[TimeControl "90/30+30:0"]

1. d4 {[%emt 0:00:00]} Nf6 {[%emt 0:00:00]} 2. c4 {[%emt 0:00:00]} e6 {[%emt 0:00:00]} 3. Nf3 {[%emt 0:00:00]} b6 {[%emt 0:00:00]} 4. g3 {[%emt 0:00:00]} Bb7 {[%emt 0:00:00]} 5. Bg2 {[%emt 0:00:00]} Bb4+ {[%emt 0:00:00]} 6. Bd2 {[%emt 0:00:00]} Bxd2+ {[%emt 0:00:00]} 7. Qxd2 {[%emt 0:00:00]} O-O {[%emt 0:00:00]} 8. Nc3 {[%emt 0:00:00]} Ne4 {[%emt 0:00:00]} 9. Qc2 {[%emt 0:00:00]} Nxc3 {[%emt 0:00:00]} 10. Ng5 {[%emt 0:00:00]} Ne4 {[%emt 0:00:00]} 11. Bxe4 {[%emt 0:00:00]} Bxe4 {[%emt 0:00:00]} 12. Qxe4 {[%emt 0:00:00]} Qxg5 {[%emt 0:00:00]} 13. Qxa8 {[%emt 0:00:00]} Nc6 {[%emt 0:00:00]} 14. Qb7 {[%emt 0:00:00]} Qa5+ {[%emt 0:00:00]} 15. Kf1 {[%emt 0:00:00]} Nxd4 {[%emt 0:00:00]} 16. Kg2 {[%emt 0:00:00]} Qc5 {[%emt 0:00:00]} 17. Rhd1 {[%emt 0:00:00]} e5 {[%emt 0:00:00]} 18. e3 {[%emt 0:00:00]} Ne6 {[%emt 0:00:00]} 19. Rxd7 {[%emt 0:00:00]} Qxc4 {[%emt 0:00:00]} 20. Qd5 {[%emt 0:00:00]} Qg4 {[%emt 0:00:00]} 21. h3 {[%emt 0:00:00]} Qf5 {[%emt 0:00:00]} 22. g4 {[%emt 0:00:00]} Qf6 {[%emt 0:00:00]} 23. Qf3 {[%emt 0:00:00]} Qh4 {[%emt 0:00:00]} 24. Rad1 {[%emt 0:00:00]} e4 {[%emt 0:00:00]} 25. Qf5 {[%emt 0:00:00]} a5 {[%emt 0:00:00]} 26. R1d5 {[%emt 0:00:00]} g6 {[%emt 0:00:00]} 27. Qe5 {[%emt 0:00:00]} a4 {[%emt 0:00:00]} 28. Rd1 {[%emt 0:00:00]} h6 {[%emt 0:01:00]} 29. a3 {[%emt 0:00:00]} Nc5 {[%emt 0:05:17]} 30. R7d2 {[%emt 0:00:00]} Ne6 {[%emt 0:02:01]} 31. Rh1 {[%emt 0:00:00]} Nc5 {[%emt 0:02:10]} 32. Qxc7 {[%emt 0:00:00]} Qf6 {[%emt 0:00:20]} 33. Qf4 {[%emt 0:00:00]} Qxf4 {[%emt 0:00:52]} 34. exf4 {[%emt 0:00:00]} Nd3 {[%emt 0:00:44]} 35. Kg3 {[%emt 0:00:00]} Rc8 {[%emt 0:01:16]} 36. f3 {[%emt 0:00:00]} f5 {[%emt 0:01:24]} 37. fxe4 {[%emt 0:00:00]} fxe4 {[%emt 0:00:05]} 38. Re2 {[%emt 0:00:00]} Rc4 {[%emt 0:00:20]} 39. Rhh2 {[%emt 0:00:00]} b5 {[%emt 0:02:05]} 40. Rc2 {[%emt 0:00:00]} Rd4 {[%emt 0:00:19]} 41. Rc7 {[%emt 0:00:00]} Ne1 {[%emt 0:01:24]} 42. Re2 {[%emt 0:00:54]} Nf3 {[%emt 0:00:00]} 43. Kf2 {[%emt 0:00:00]} Nd2 {[%emt 0:00:00]} 44. Rb7 {[%emt 0:00:00]} Rd3 {[%emt 0:00:00]} 45. Re3 {[%emt 0:00:00]} Rd5 {[%emt 0:00:00]} 46. Ke2 {[%emt 0:00:00]} Kf8 {[%emt 0:00:00]} 47. h4 {[%emt 0:00:00]} Nc4 {[%emt 0:00:00]} 48. Rxe4 {[%emt 0:00:00]} Rd2+ {[%emt 0:00:00]} 49. Ke1 {[%emt 0:00:00]} Rd5 {[%emt 0:00:00]} 50. Re2 {[%emt 0:00:00]} h5 {[%emt 0:00:00]} 51. f5 {[%emt 0:00:00]} hxg4 {[%emt 0:00:00]} 52. fxg6 {[%emt 0:00:00]} Nd6 {[%emt 0:00:00]} 53. Rd7 {[%emt 0:00:00]} g3 {[%emt 0:00:00]} 54. g7+ {[%emt 0:00:00]} Kg8 {[%emt 0:00:00]} 55. Re8+ {[%emt 0:00:00]} 1-0

[Event "Oslo Chess Festival 2018"]
[Site "Oslo"]
[Date "2018.10.04"]
[Round "6"]
[White "Pakleza, Zbigniew"]
[Black "Stella, Andrea"]
[Result "1-0"]
[WhiteElo "2502"]
[BlackElo "2500"]
[Annotator "ChessBase"]
[PlyCount "88"]
[EventDate "2018.09.30"]
[EventCountry "NOR"]
[SourceTitle "playchess.com"]
[Source "ChessBase"]
[SourceQuality "1"]
[TimeControl "90/30+30:0"]

1. d4 {[%emt 0:00:00]} e6 {[%emt 0:00:00]} 2. c4 {[%emt 0:00:00]} Nf6 {[%emt 0:00:00]} 3. Nf3 {[%emt 0:00:00]} d5 {[%emt 0:00:00]} 4. Nc3 {[%emt 0:00:00]} c5 {[%emt 0:00:00]} 5. e3 {[%emt 0:00:00]} Nc6 {[%emt 0:00:00]} 6. a3 {[%emt 0:00:00]} dxc4 {[%emt 0:00:00]} 7. Bxc4 {[%emt 0:00:00]} a6 {[%emt 0:00:00]} 8. O-O {[%emt 0:00:00]} b5 {[%emt 0:00:00]} 9. Ba2 {[%emt 0:00:00]} Bb7 {[%emt 0:00:00]} 10. d5 {[%emt 0:00:00]} exd5 {[%emt 0:00:00]} 11. Nxd5 {[%emt 0:00:00]} c4 {[%emt 0:00:00]} 12. e4 {[%emt 0:00:00]} Nxe4 {[%emt 0:00:00]} 13. Bf4 {[%emt 0:00:00]} Ne5 {[%emt 0:00:00]} 14. Bxe5 {[%emt 0:00:00]} Qxd5 {[%emt 0:00:00]} 15. Qe2 {[%emt 0:00:00]} Be7 {[%emt 0:00:00]} 16. Rad1 {[%emt 0:00:00]} Qe6 {[%emt 0:00:00]} 17. Bb1 {[%emt 0:00:00]} f5 {[%emt 0:00:00]} 18. Bxg7 {[%emt 0:00:00]} Rg8 {[%emt 0:00:00]} 19. Nd4 {[%emt 0:00:00]} Qg6 {[%emt 0:00:00]} 20. f3 {[%emt 0:00:00]} Rxg7 {[%emt 0:00:00]} 21. fxe4 {[%emt 0:00:00]} O-O-O {[%emt 0:00:00]} 22. Nxf5 {[%emt 0:00:00]} Bc5+ {[%emt 0:00:00]} 23. Kh1 {[%emt 0:00:00]} Rgd7 {[%emt 0:00:00]} 24. Rxd7 {[%emt 0:00:00]} Rxd7 {[%emt 0:00:00]} 25. e5 {[%emt 0:00:00]} Qg5 {[%emt 0:00:00]} 26. Be4 {[%emt 0:00:00]} Rd2 {[%emt 0:00:00]} 27. Bxb7+ {[%emt 0:00:00]} Kxb7 {[%emt 0:00:00]} 28. Qe4+ {[%emt 0:00:00]} Kb6 {[%emt 0:00:00]} 29. h4 {[%emt 0:03:08]} Qg6 {[%emt 0:00:00]} 30. e6 {[%emt 0:03:15]} Rd4 {[%emt 0:03:07]} 31. Qf3 {[%emt 0:02:20]} Rd3 {[%emt 0:02:37]} 32. Qe2 {[%emt 0:00:01]} Qf6 {[%emt 0:08:41]} 33. b4 {[%emt 0:02:14]} Bd6 {[%emt 0:01:43]} 34. Qf2+ {[%emt 0:03:18]} Kc6 {[%emt 0:00:28]} 35. Qa7 {[%emt 0:00:26]} Qe5 {[%emt 0:00:47]} 36. Qxa6+ {[%emt 0:00:44]} Kc7 {[%emt 0:00:12]} 37. Nxd6 {[%emt 0:01:04]} Rh3+ {[%emt 0:00:49]} 38. gxh3 {[%emt 0:00:05]} Qd5+ {[%emt 0:00:02]} 39. Kg1 {[%emt 0:00:41]} Qd4+ {[%emt 0:00:04]} 40. Rf2 {[%emt 0:01:01]} Qa1+ {[%emt 0:00:07]} 41. Kg2 {[%emt 0:00:23]} Qg7+ {[%emt 0:00:04]} 42. Kf3 {[%emt 0:00:23]} Qf6+ {[%emt 0:00:35]} 43. Ke4 {[%emt 0:02:18]} Qxh4+ {[%emt 0:00:15]} 44. Rf4 {[%emt 0:00:00]} Qe1+ {[%emt 0:00:00]} 1-0

[Event "Oslo Chess Festival 2018"]
[Site "Oslo"]
[Date "2018.10.04"]
[Round "6"]
[White "Pavlovic, Milos"]
[Black "Ranaldi, Lucas"]
[Result "1/2-1/2"]
[WhiteElo "2481"]
[BlackElo "2335"]
[Annotator "ChessBase"]
[PlyCount "93"]
[EventDate "2018.09.30"]
[EventCountry "NOR"]
[SourceTitle "playchess.com"]
[Source "ChessBase"]
[SourceQuality "1"]
[TimeControl "90/30+30:0"]

1. d4 {[%emt 0:00:00]} Nf6 {[%emt 0:00:00]} 2. Nf3 {[%emt 0:00:00]} b6 {[%emt 0:00:00]} 3. Bf4 {[%emt 0:00:00]} Bb7 {[%emt 0:00:00]} 4. e3 {[%emt 0:00:00]} e6 {[%emt 0:00:00]} 5. Nbd2 {[%emt 0:00:00]} Be7 {[%emt 0:00:00]} 6. h3 {[%emt 0:00:00]} O-O {[%emt 0:00:00]} 7. Bd3 {[%emt 0:00:00]} c5 {[%emt 0:00:00]} 8. O-O {[%emt 0:00:00]} d6 {[%emt 0:00:00]} 9. c3 {[%emt 0:00:00]} Nbd7 {[%emt 0:00:00]} 10. Qe2 {[%emt 0:00:00]} cxd4 {[%emt 0:00:00]} 11. exd4 {[%emt 0:00:00]} a6 {[%emt 0:00:00]} 12. a4 {[%emt 0:00:00]} Re8 {[%emt 0:00:00]} 13. Bh2 {[%emt 0:00:00]} Bf8 {[%emt 0:00:00]} 14. Nc4 {[%emt 0:00:00]} Qb8 {[%emt 0:00:00]} 15. Ne3 {[%emt 0:00:00]} Qa7 {[%emt 0:00:00]} 16. Rfd1 {[%emt 0:00:00]} Bc6 {[%emt 0:00:00]} 17. Ne1 {[%emt 0:00:00]} Qb7 {[%emt 0:00:00]} 18. N1c2 {[%emt 0:00:00]} Be4 {[%emt 0:00:00]} 19. Bc4 {[%emt 0:00:00]} d5 {[%emt 0:00:00]} 20. Bb3 {[%emt 0:00:00]} Nb8 {[%emt 0:00:00]} 21. Nb4 {[%emt 0:00:00]} Nc6 {[%emt 0:00:00]} 22. Nxc6 {[%emt 0:00:00]} Qxc6 {[%emt 0:00:00]} 23. f3 {[%emt 0:00:00]} Bg6 {[%emt 0:00:00]} 24. c4 {[%emt 0:00:00]} dxc4 {[%emt 0:00:00]} 25. Nxc4 {[%emt 0:03:33]} Red8 {[%emt 0:00:00]} 26. Ne5 {[%emt 0:01:34]} Qb7 {[%emt 0:00:00]} 27. Rac1 {[%emt 0:01:21]} Nd5 {[%emt 0:03:39]} 28. h4 {[%emt 0:00:40]} Bd6 {[%emt 0:03:29]} 29. g4 {[%emt 0:00:25]} Bxe5 {[%emt 0:00:43]} 30. Bxe5 {[%emt 0:00:47]} h5 {[%emt 0:01:15]} 31. gxh5 {[%emt 0:03:14]} Bxh5 {[%emt 0:02:43]} 32. Qg2 {[%emt 0:00:01]} f6 {[%emt 0:01:12]} 33. Bxd5 {[%emt 0:03:44]} Qxd5 {[%emt 0:00:02]} 34. Bxf6 {[%emt 0:00:26]} Rd7 {[%emt 0:00:14]} 35. Rd3 {[%emt 0:01:28]} Rf8 {[%emt 0:00:54]} 36. Be5 {[%emt 0:00:04]} Bxf3 {[%emt 0:01:03]} 37. Qg5 {[%emt 0:00:37]} Rf5 {[%emt 0:02:56]} 38. Qg6 {[%emt 0:00:36]} Be4 {[%emt 0:00:40]} 39. Rg3 {[%emt 0:00:48]} Rf1+ {[%emt 0:00:14]} 40. Rxf1 {[%emt 0:00:01]} Bxg6 {[%emt 0:00:11]} 41. Rxg6 {[%emt 0:00:02]} Qe4 {[%emt 0:00:00]} 42. h5 {[%emt 0:00:00]} Qe3+ {[%emt 0:00:00]} 43. Kg2 {[%emt 0:00:00]} Qe2+ {[%emt 0:00:00]} 44. Rf2 {[%emt 0:00:00]} Qxh5 {[%emt 0:00:00]} 45. Rg3 {[%emt 0:00:00]} Rf7 {[%emt 0:00:00]} 46. Rc2 {[%emt 0:00:00]} Qh4 {[%emt 0:06:55]} 47. Kg1 {[%emt 0:00:01]} 1/2-1/2

[Event "Oslo Chess Festival 2018"]
[Site "Oslo"]
[Date "2018.10.04"]
[Round "6"]
[White "Holm, Kristian Stuvik"]
[Black "Hobber, Anders"]
[Result "1/2-1/2"]
[WhiteElo "2474"]
[BlackElo "2314"]
[Annotator "TA"]
[PlyCount "41"]
[EventDate "2018.09.30"]
[EventCountry "NOR"]
[SourceTitle "playchess.com"]
[Source "ChessBase"]
[SourceQuality "1"]

{[%evp 21,41,97,81,89,124,27,98,74,96,-35,-35,-108,-110,-108,-93,-88,-85,-109,-102,-99,-103,-82]} 1. d4 d5 2. c4 c6 3. Nf3 Nf6 4. Nc3 dxc4 5. a4 e6 6. e4 {[%cal Be2e4,Be4e5][%mdl 32]} Bb4 7. e5 {D31: Queen's Gambit Declined: Semi-Slav without ...Nf6 (+ Marshall Gambit and Noteboom) and Exchange Variation lines without ...Nf6} (7. Qc2 b5 8. Be2 Bb7 9. Bg5 h6 10. Bh4 c5 11. d5 exd5 12. exd5 O-O 13. axb5 Nbd7 14. O-O Bxc3 15. Qxc3 Nxd5 16. Qxc4 {1-0 (37) Aronian,L (2805)-Duda,J (2717) Riadh 2017}) 7... Nd5 8. Bd2 Bxc3 9. bxc3 b5 10. Ng5 h6 11. Ne4 O-O {LiveBook: 3 Games} 12. Qh5 {[%mdl 1024] White has strong compensation.} Nd7 {[#]} 13. Be2 $146 {[#]} (13. Nd6 $1 $16) ({Predecessor:} 13. h4 f5 14. Nd6 N7f6 15. exf6 Nxf6 {0-1 (82) Hansen,S (2543)-Mainka,R (2482) Germany 2009}) 13... a5 (13... b4 $1 $11 {[%mdl 512]}) 14. O-O $16 Ba6 15. f4 (15. axb5 $16 Bxb5 16. Nd6) 15... f5 $1 $15 {[%cal Rf5e4]} 16. Nd6 (16. axb5 $1 $15 Bxb5 17. Nd6) 16... N7f6 $17 {Black is better.} 17. Qh3 Ne8 18. Nxe8 Qxe8 19. axb5 cxb5 20. Rxa5 Bb7 21. Rfa1 {Precision: White = 26%, Black = 76%.} 1/2-1/2

[Event "Oslo Chess Festival 2018"]
[Site "Oslo"]
[Date "2018.10.04"]
[Round "6"]
[White "Sriram, Jha"]
[Black "Van Zyl-Rudd, Jack"]
[Result "1/2-1/2"]
[WhiteElo "2394"]
[BlackElo "2265"]
[Annotator "NA"]
[PlyCount "77"]
[EventDate "2018.09.30"]
[EventCountry "NOR"]
[SourceTitle "playchess.com"]
[Source "ChessBase"]
[SourceQuality "1"]
[TimeControl "90/30+30:0"]

1. Nf3 {[%emt 0:00:00]} d5 {[%emt 0:00:00]} 2. g3 {[%emt 0:00:00]} Nc6 {[%emt 0:00:00]} 3. d4 {[%emt 0:00:00]} Bg4 {[%emt 0:00:00]} 4. Bg2 {[%emt 0:00:00]} Qd7 {[%emt 0:00:00]} 5. O-O {[%emt 0:00:00]} O-O-O {[%emt 0:00:00]} 6. c3 {[%emt 0:00:00] D02: 1 d4 d5 2 Nf3 sidelines, including 2...Nf6 3 g3 and 2...Nf6 3 Bf4} (6. c4 dxc4 7. Be3 e5 8. d5 Nge7 9. Nc3 Nxd5 10. Nxd5 Qxd5 11. Qc2 Bxf3 12. Bxf3 Qe6 13. Rfc1 a6 14. Bxc6 Qxc6 {0-1 (24) Bok,B (2600)-Van Foreest,J (2606) Amsterdam 2017}) 6... h5 {[%emt 0:00:00]} 7. b4 {[%emt 0:00:00]} f6 {[%emt 0:00:00]} 8. Nbd2 {[%emt 0:00:00]} Bh3 {[%emt 0:00:00]} 9. b5 {[%emt 0:00:00]} Nb8 {[%emt 0:00:00]} 10. Bxh3 {[%emt 0:00:00]} Qxh3 {[%emt 0:00:00]} 11. Qa4 {[%emt 0:00:00]} g5 {[%emt 0:00:00]} (11... e5 $11 {remains equal.}) 12. Qxa7 {[%emt 0:00:00]} Nh6 $146 {[%emt 0:00:00]} ({Predecessor:} 12... h4 $16 {was worth a try.} 13. Nb3 Rd6 {1-0 (24) Molnar,L (2117)-Antal,G (2448) Budapest 2001}) 13. Nb3 {[%emt 0:00:00]} b6 {[%emt 0:00:00]} 14. a4 $2 {[%emt 0:00:00]} (14. c4 $18) 14... h4 $1 {[%emt 0:00:00] [#]} 15. a5 {[%emt 0:00:00]} ({Better is} 15. Rb1 $1 $16 Kd7 16. Bxg5 hxg3 17. fxg3 (17. Bf4 gxh2+ 18. Kh1 Ke8 $17)) 15... hxg3 {[%emt 0:00:00]} (15... Ng4 $11 {keeps the balance.} 16. Bxg5 hxg3) 16. fxg3 {[%emt 0:00:00]} ({Worse is} 16. axb6 gxh2+ 17. Nxh2 cxb6 $17) 16... Ng4 {[%emt 0:00:00]} 17. axb6 {[%emt 0:00:00]} cxb6 {[%emt 0:00:00] [#]} 18. Nc5 {[%emt 0:00:00]} ({Lieber nicht} 18. Qxb6 Nxh2 19. Qc5+ Kd7 $17) (18. Rf2 $1 $16 Nxf2 19. Qxb6 (19. Kxf2 g4 $17)) 18... bxc5 {[%emt 0:00:00]} 19. Qxc5+ {[%emt 0:00:00]} Kd7 {[%emt 0:00:00]} 20. Qxd5+ {[%emt 0:00:00]} Ke8 {[%emt 0:00:00]} 21. Qf5 {[%emt 0:00:00]} Qh5 {[%emt 0:00:00]} 22. h4 {[%emt 0:00:00]} gxh4 {[%emt 0:00:00]} 23. Nxh4 {[%emt 0:00:00]} Qxf5 {[%emt 0:00:00]} 24. Rxf5 {[%emt 0:00:00]} Rg8 {[%emt 0:00:00]} 25. Rf3 {[%emt 0:00:00]} (25. Rh5 $14) 25... e6 $11 {[%emt 0:00:00]} 26. Ba3 {[%emt 0:01:32]} Bxa3 {[%emt 0:00:22]} 27. Rxa3 {[%emt 0:00:01]} Ke7 {[%emt 0:01:10]} 28. Ng2 {[%emt 0:02:54]} e5 {[%emt 0:03:40]} 29. Ne3 {[%emt 0:01:49]} Nxe3 {[%emt 0:01:03]} 30. Rxe3 {[%emt 0:00:02]} Kd6 {[%emt 0:00:58]} 31. Rf3 {[%emt 0:01:38]} Kd5 {[%emt 0:02:27]} 32. Rxf6 {[%emt 0:02:55]} exd4 {[%emt 0:01:16]} 33. cxd4 {[%emt 0:00:15]} Kxd4 {[%emt 0:00:11]} 34. b6 {[%emt 0:00:32]} Kc5 {[%emt 0:01:17]} 35. Rc3+ {[%emt 0:02:19]} Kb4 {[%emt 0:00:29]} 36. Rcf3 {[%emt 0:01:05]} Kb5 {[%emt 0:02:38]} 37. Kf2 {[%emt 0:00:57]} Nd7 {[%emt 0:01:02]} 38. Rd6 {[%emt 0:00:43]} Nc5 {[%emt 0:00:42]} 39. Rh6 {[%emt 0:01:06]} 1/2-1/2

[Event "Oslo Chess Festival 2018"]
[Site "Oslo"]
[Date "2018.10.04"]
[Round "6"]
[White "Haug, Johannes"]
[Black "Bruaset, Eivind"]
[Result "1-0"]
[WhiteElo "2391"]
[BlackElo "2048"]
[Annotator "NA"]
[PlyCount "81"]
[EventDate "2018.09.30"]
[EventCountry "NOR"]
[SourceTitle "playchess.com"]
[Source "ChessBase"]
[SourceQuality "1"]
[TimeControl "90/30+30:0"]

1. e4 {[%emt 0:00:00]} e6 {[%emt 0:00:00]} 2. d4 {[%emt 0:00:00]} d5 {[%emt 0:00:00]} 3. Nc3 {[%emt 0:00:00]} Bb4 {[%emt 0:00:00]} 4. e5 {[%emt 0:00:00]} c5 {[%emt 0:00:00]} 5. a3 {[%emt 0:00:00]} Bxc3+ {[%emt 0:00:00]} 6. bxc3 {[%emt 0:00:00]} Ne7 {[%emt 0:00:00]} 7. Qg4 {[%emt 0:00:00]} Kf8 {[%emt 0:00:00]} 8. a4 {[%emt 0:00:00]} Nbc6 {[%emt 0:00:00] C18: French: 3 Nc3 Bb4: Main line: 7 h4 and 7 Qg4} (8... Qc7 9. Qd1 Kg8 10. Nf3 b6 11. a5 bxa5 12. Ba3 c4 13. Ng5 Nbc6 14. Be2 f6 15. Nf3 fxe5 16. Bxe7 Qxe7 17. Nxe5 Nxe5 18. dxe5 {½-½ (38) Zherebukh,Y (2633)-Akobian,V (2640) Saint Louis 2018}) 9. Nf3 {[%emt 0:00:00]} Qa5 {[%emt 0:00:00]} 10. Bd2 {[%emt 0:00:00]} Bd7 {[%emt 0:00:00]} 11. Be2 {[%emt 0:00:00]} Ng6 $146 {[%emt 0:00:00]} ({Predecessor:} 11... Rc8 12. O-O Qc7 13. h4 h5 14. Qf4 Nf5 15. Bd3 Nce7 16. Rfe1 {0-1 (99) Gongora Reyes,M (2466)-Espineira Gonzalez,D (2310) Villagarcia de Arosa 2005}) 12. h4 {[%emt 0:00:00]} h5 {[%emt 0:00:00]} 13. Qg5 {[%emt 0:00:00]} Qd8 {[%emt 0:00:00]} 14. Qe3 {[%emt 0:00:00]} Rc8 {[%emt 0:00:00]} 15. Ng5 {[%emt 0:00:00]} ({Don't play} 15. dxc5 $6 Qc7 $11) 15... Qe8 {[%emt 0:00:00]} 16. g4 {[%emt 0:00:00]} (16. a5 $14 {stays ahead.}) 16... hxg4 {[%emt 0:00:00]} 17. Bxg4 {[%emt 0:00:00]} Na5 {[%emt 0:00:00]} 18. h5 {[%emt 0:00:00]} Nc4 {[%emt 0:00:00]} 19. Qf3 {[%emt 0:00:00]} Ngxe5 {[%emt 0:00:00]} 20. dxe5 {[%emt 0:00:00]} Nxe5 {[%emt 0:00:00]} 21. Qg3 {[%emt 0:00:00]} Nxg4 {[%emt 0:00:00]} 22. Qxg4 {[%emt 0:00:00]} e5 {[%emt 0:00:00]} (22... f6 $142) 23. Qg3 {[%emt 0:00:00]} ({White must play} 23. Qf3 $16) 23... Bf5 {[%emt 0:00:00]} 24. h6 {[%emt 0:00:00]} Rxh6 $16 {[%emt 0:00:00]} 25. Rxh6 {[%emt 0:04:49]} gxh6 {[%emt 0:00:00]} 26. Nf3 {[%emt 0:00:10]} Rc6 {[%emt 0:00:00]} 27. Nxe5 {[%emt 0:04:56]} Rg6 {[%emt 0:00:00]} 28. Qh2 {[%emt 0:00:10]} f6 {[%emt 0:00:00]} 29. Bxh6+ {[%emt 0:02:52]} Kg8 {[%emt 0:00:00]} 30. Bf4 {[%emt 0:01:08]} fxe5 {[%emt 0:07:33]} 31. Bxe5 {[%emt 0:00:06]} Rh6 {[%emt 0:01:11]} 32. Qxh6 {[%emt 0:00:49]} Qxe5+ {[%emt 0:00:01]} 33. Kd2 {[%emt 0:01:23]} d4 {[%emt 0:00:01]} 34. Rg1+ {[%emt 0:00:34]} Kf7 {[%emt 0:00:01]} 35. Qh5+ {[%emt 0:00:26]} Kf8 {[%emt 0:00:34]} 36. Qf3 {[%emt 0:00:35]} dxc3+ {[%emt 0:00:40]} 37. Kc1 {[%emt 0:00:23]} Ke8 {[%emt 0:04:49]} 38. Qg3 {[%emt 0:00:35]} Qe4 {[%emt 0:01:19]} 39. Qxc3 {[%emt 0:00:23]} Qf4+ {[%emt 0:02:20]} 40. Kb2 {[%emt 0:00:35]} Qxf2 {[%emt 0:00:40]} 41. Qe5+ {[%emt 0:00:00]} 1-0